|
|
|
|
| LEADER |
01223nab#a2200325#ar4500 |
| 001 |
000069613 |
| 003 |
SVKKK |
| 005 |
20000426xxxxxxx. |
| 008 |
06 c xo huno |
| FMT |
|
|
|
| 038 |
|
|
|a SVKKK
|
| 040 |
|
|
|a SVKKK
|b slo
|e AACR2
|
| 041 |
0 |
|
|a hun
|
| 044 |
|
|
|a xo
|c SK
|
| 080 |
|
|
|a 393
|
| 080 |
|
|
|a 615-051
|
| 242 |
1 |
0 |
|a Úmrtia
|
| 245 |
0 |
0 |
|a Halálozások
|
| 520 |
2 |
|
|a Dňa 10. 09. 1912 zomrel náhle v Jelšave lekárnik Bartolomej (Bertalan) Jureczky. Pôsobil ako dozorca evanjelickej a. v. cirkvi a mestský raadca. Pohreb sa konal dňa 11. 09. 1912 za účasti duchovného Jána (János) Chalupku. V obci Mokrá Lúka zomrel dňa 13. 09. 1912 Samuel (Sámuel) Glück. Nič bližšie o jeho pôsobení nie je udané.
|
| 650 |
0 |
4 |
|a Glück, Samuel (?-1912) - Mokrá Lúka (RV) - 13.09.1912 - správy
|
| 650 |
0 |
4 |
|a úmrtia - Jureczky, Bartolomej (lekárnik, ?-1912) - Jelšava (RV) - pôsobenie - 10.09.1912
|
| 773 |
0 |
|
|t Murányvölgye : Szépirodalmi, társadalmi és közgazdasági hetilap
|g Roč. 2ä, č. 37 (15.09.1912) s. 3
|
| 957 |
|
|
|a Jelšava
|
| 957 |
|
|
|a Mokrá Lúka
|
| 958 |
|
|
|a DG
|
| 958 |
|
|
|a SK
|
| 974 |
|
|
|a ebl
|d 20000426
|
| 992 |
|
|
|a RBX
|
| BAS |
|
|
|
| 998 |
|
|
|a RETRO
|